000 005440000a22001810004500
003 MACL
005 20160409141637.0
008 160409b xxu||||| |||| 00| 0 eng d
040 _aMACL
_cMACL
041 _aHindi
082 _a370
100 _aअशोक लाल
_951369
245 _aसृजनशील जीवन और शिक्षा
260 _bनेशनल बुक ट्रस्‍ट इंडिया
_c2000
_aदिल्‍ली
350 _a55
650 _aEducation
_951370
942 _cHIN
_k370
_2ddc
999 _c17754
_d17754